000 01292cam a22003134a 4500
001 14503180
003 NUST
005 20221115115855.0
008 060817s2007 nyua b 001 0 eng
010 _a 2006932970
020 _a9780387331942 (acidfree paper)
020 _a0387331948 (acidfree paper)
020 _a9780387331959 (eISBN)
020 _a0387331956 (eISBN)
040 _aDLC
_cDLC
_dDLC
050 0 0 _aQA184.2
_b.S56 2007
082 0 0 _a512.5,SHO
_222
100 1 _aShores, Thomas S.
_956923
245 1 0 _aApplied linear algebra and matrix analysis /
_cThomas S. Shores.
260 _aNew York :
_bSpringer,
_cc2007.
300 _axii, 383 p. :
_bill. ;
_c25 cm.
490 0 _aUndergraduate texts in mathematics
505 _aLinear systems of Equations (Page-1), Matrix Algebra (Page-55), Vector Spaces (Page-1450, Geometrical Aspects of Standard Spaces (Page-211), The Eigenvalue Problem (Page-251), Geometrical Aspects of Abstract Space (Page-305).
650 0 _aAlgebras, Linear.
_910720
650 0 _aMatrix analytic methods.
_9102617
856 4 1 _3Table of contents only
_uhttp://www.loc.gov/catdir/toc/fy0706/2006932970.html
856 4 2 _3Publisher description
_uhttp://www.loc.gov/catdir/enhancements/fy0824/2006932970-d.html
942 _2ddc
_cBK
_k512.5,SHO
999 _c592306
_d592306